| 000 | 01031nam a22002777a 4500 | ||
|---|---|---|---|
| 003 | 0 | ||
| 005 | 20180908152905.0 | ||
| 008 | 0 | ||
| 010 | _aB-030531 | ||
| 020 |
_c250.00 _a8170434726 |
||
| 035 | _aB-030531 ,B-030533, B-030553 | ||
| 037 | _bCen Lib/Ret | ||
| 040 |
_aDPL _bHN _c0 |
||
| 082 |
_aउ _bभटना |
||
| 100 |
_aभटनागर, राजेन्द्रमोहन _94556 |
||
| 245 |
_aख़ुदा गवाह है / _cराजेन्द्रमोहन भटनागर |
||
| 246 |
_aKhuda gwaha hai / _bby Rajendra Mohan Bhatnagar |
||
| 260 |
_aदिल्ली _bआत्माराम एंड संस _c2001 |
||
| 270 |
_bदिल्ली _aकश्मीरी गेट _e110006 |
||
| 300 |
_a270पृ. _c21सेमी (सजिल्द) |
||
| 650 |
_aहिन्दी साहित्य _952891 |
||
| 650 |
_aउपन्यास _952892 |
||
| 650 |
_aHindi literature _952893 |
||
| 650 |
_aNovel _922513 |
||
| 942 |
_2ddc _cHN _hउ _mभटना |
||
| 999 |
_c113580 _d113580 |
||